000
00242nam a2200097Ia 4500
001
716986
005
20250826162955.0
008
250824s9999 xx 000 0 und d
245
0
_a
YOKUŞA AKAN SULAR
_c
MUSTAFA KARACA
260
_b
DERGAH YAYINLARI
999
_c
716986
_d
716986